| 000 | 00334nam a22001337a 4500 | ||
|---|---|---|---|
| 008 | 230606b xxu||||| |||| 00| 0 eng d | ||
| 020 | _a9966442057 | ||
| 082 | _a349.6762 | ||
| 100 | _cTudor Jackson | ||
| 245 |
_aThe law of Kenya _bAn introduction _cCases and statutes |
||
| 260 |
_bKLB _c1986, 1992 |
||
| 300 | _a500p | ||
| 942 |
_2ddc _cBK |
||
| 999 |
_c598 _d598 |
||